000 02010nam a2200445 i 4500
001 195656
003 SpMaBN
005 20250727144639.0
007 ta
008 240701s2020 sp a | ||||o000 0dspa
015 _aMON20
017 _aM 4086-2020
_bOficina Depósito Legal Madrid
020 _a9788492462674
024 7 _aNIPO 824-19-028-6
_2nipo
035 _aa6747471
040 _aSpMaBN
_bspa
_cSpMaBN
_erda
_dES-MaACL
080 _a929 Delibes, Miguel (083.824)
080 _a82 Delibes, Miguel (083.824)
245 0 0 _aDelibes /
_ccomisario, Jesús Marchamalo ; textos, Pilar Adón [y otros diecisiete]
264 1 _a[Madrid] :
_bBiblioteca Nacional de España ;
_a[Valladolid]
_bFundación Miguel Delibes ;
_a[Madrid]
_bAcción Cultural Española,
_c[2020]
300 _a261 páginas :
_bilustraciones (blanco y negro y color) ;
_c23 cm
336 _aTexto
_aImagen fija
_2rdacontent
337 _asin mediación
_2rdamedia
338 _avolumen
_2rdacarrier
500 _aExposición: Biblioteca Nacional de España, del 20 de marzo al 21 de junio de 2020; Museo de la Pasión, Valladolid, de septiembre de 2020 a enero de 2021.
500 _aCatalogación provisional. Signatura: N 8697. Depósito J.
600 1 7 _aDelibes, Miguel
_d1920-2010
_vExposiciones
_2embne
_9237296
655 7 _aCatálogos de exposiciones
_2tgfbne
_9193628
700 1 _aMarchamalo, Jesús,
_d1960-
_9237297
700 1 _aAdón, Pilar,
_d1971-
_9237298
710 2 _aBiblioteca Nacional de España
_9234950
710 2 _aSala Museo de la Pasión
_9237299
852 _aES-MaACL
_cDEPOJ
_jN-8697
_hDonación: Biblioteca Nacional de España
_9203855
_bR.153438
_zEn proceso
914 _aBiblioteca Nacional de España
_ednr
_9234950
942 _n0
_cMONOGRAFIA
999 _c195656
_d195656